[Event "LSS WC-2011-T-00004"]
[Site "LSS email"]
[Date "2010.06.10"]
[Round "?"]
[White "Bjazevic, Pavao"]
[Black "Lindsalu, Indrek"]
[Result "1/2-1/2"]
[WhiteElo "2311"]
[BlackElo "2276"]
[PlyCount "50"]
[EventDate "2010.06.15"]
[EventType "tourn (corr)"]
[EventRounds "10"]
[EventCountry "GER"]
[SourceTitle "Telechess CBM 147"]
[Source "ChessBase"]
[SourceDate "2012.03.16"]
[SourceVersion "1"]
[SourceVersionDate "2012.03.16"]
[SourceQuality "1"]

1. d4 Nf6 2. c4 e6 3. g3 Bb4+ 4. Bd2 Qe7 5. Nf3 Nc6 6. Nc3 0-0 7. Bg2 Bxc3 8. Bxc3 Ne4 9. Rc1 d6 10. d5 Nxc3 11. Rxc3 Nb8 12. dxe6 fxe6 13. Nd4 e5 14. Nc2 Nc6 15. 0-0 Kh8 16. Ne3 Be6 17. Nd5 Qd7 18. e3 Nb8 19. f4 Na6 20. e4 exf4 21. Nxf4 Qe7 22. Qd4 Bg8 23. Rcf3 Nc5 24. Nd5 Bxd5 25. exd5 Rxf3 1/2-1/2

[Event "LSS WC-2011-T-00004"]
[Site "LSS email"]
[Date "2010.06.10"]
[Round "?"]
[White "Braun, Andreas"]
[Black "Lindsalu, Indrek"]
[Result "1-0"]
[WhiteElo "2365"]
[BlackElo "2288"]
[PlyCount "73"]
[EventDate "2010.06.15"]
[EventType "tourn (corr)"]
[EventRounds "10"]
[EventCountry "GER"]
[SourceTitle "Telechess CBM 143"]
[Source "ChessBase"]
[SourceDate "2011.07.15"]
[SourceVersion "1"]
[SourceVersionDate "2011.07.15"]
[SourceQuality "1"]

1. c4 Nf6 2. Nc3 c5 3. e4 Nc6 4. g3 g6 5. Bg2 Bg7 6. Nge2 0-0 7. 0-0 d6 8. d3 a6 9. h3 Rb8 10. a4 Ne8 11. Be3 Nc7 12. d4 cxd4 13. Nxd4 Ne6 14. Nde2 Bd7 15. Rb1 a5 16. Qd2 Nc5 17. b3 Qc8 18. Kh2 Nb4 19. Bd4 Qd8 20. Bxg7 Kxg7 21. f4 Kg8 22. f5 Qe8 23. g4 Bc6 24. Nd5 Bxd5 25. exd5 Ra8 26. Rf3 Nd7 27. Nd4 Ne5 28. Rg3 Rc8 29. Rf1 Kh8 30. Be4 Na6 31. Qxa5 Kg8 32. Qd2 Nc5 33. Bc2 Kh8 34. Qh6 Rg8 35. h4 Ncd7 36. fxg6 fxg6 37. h5 1-0

[Event "LSS WC-2011-T-00004"]
[Site "LSS email"]
[Date "2010.06.10"]
[Round "?"]
[White "Lindsalu, Indrek"]
[Black "Daurelle, Herve"]
[Result "1/2-1/2"]
[WhiteElo "2292"]
[BlackElo "2201"]
[PlyCount "60"]
[EventDate "2010.06.15"]
[EventType "tourn (corr)"]
[EventRounds "10"]
[EventCountry "GER"]
[SourceTitle "Telechess CBM 143"]
[Source "ChessBase"]
[SourceDate "2011.07.15"]
[SourceVersion "1"]
[SourceVersionDate "2011.07.15"]
[SourceQuality "1"]

1. e4 c5 2. Nf3 d6 3. d4 cxd4 4. Nxd4 Nf6 5. Nc3 Bd7 6. Bg5 e6 7. Qd2 h6 8. Bxf6 Qxf6 9. Ndb5 Bxb5 10. Bxb5+ Nc6 11. f4 Qd8 12. Qd4 Be7 13. Qxg7 Bf6 14. Qg4 Bxc3+ 15. bxc3 Qb6 16. Bxc6+ Qxc6 17. Qf3 Rc8 18. 0-0-0 Qa4 19. f5 e5 20. Kd2 Kd7 21. Rb1 b6 22. a3 Rc5 23. Rb3 Qc6 24. Rd1 Rc8 25. f6 Kc7 26. Kc1 Rd8 27. Kb2 d5 28. exd5 Rdxd5 29. Rxd5 Rxd5 30. Rb4 Rc5 1/2-1/2

[Event "LSS WC-2011-T-00004"]
[Site "LSS email"]
[Date "2010.06.10"]
[Round "?"]
[White "Lindsalu, Indrek"]
[Black "Noble, Mark Frederick"]
[Result "0-1"]
[WhiteElo "2276"]
[BlackElo "2388"]
[PlyCount "98"]
[EventDate "2010.06.15"]
[EventType "tourn (corr)"]
[EventRounds "10"]
[EventCountry "GER"]
[SourceTitle "Telechess CBM 147"]
[Source "ChessBase"]
[SourceDate "2012.03.16"]
[SourceVersion "1"]
[SourceVersionDate "2012.03.16"]
[SourceQuality "1"]

1. e4 c5 2. Nf3 d6 3. d4 cxd4 4. Nxd4 Nf6 5. Nc3 a6 6. Bg5 e6 7. f4 Qb6 8. Nb3 Be7 9. Qf3 Nbd7 10. 0-0-0 Qc7 11. Bd3 b5 12. Rhe1 b4 13. Ne2 Bb7 14. Ned4 Nc5 15. Kb1 Rc8 16. Bxf6 Bxf6 17. Bb5+ Ke7 18. Bd3 Rhd8 19. Qf2 e5 20. g4 exf4 21. Qxf4 Kf8 22. Qf5 Bxd4 23. Nxd4 Kg8 24. Qf4 a5 25. Rf1 Nxd3 26. cxd3 Ba6 27. Nf5 a4 28. Ka1 a3 29. Qd2 f6 30. bxa3 bxa3 31. Rc1 Qa7 32. Qb4 g6 33. Nd4 Rxc1+ 34. Rxc1 Rc8 35. Rxc8+ Bxc8 36. Kb1 Qc5 37. Qxc5 dxc5 38. Nb3 Bxg4 39. Nxc5 h5 40. Kc2 g5 41. Kd2 h4 42. d4 Bf3 43. Ke3 g4 44. Nd7 Kg7 45. Nb6 Bg2 46. d5 Bf1 47. Kf2 Bb5 48. d6 Kf7 49. Nd5 Bd7 0-1

[Event "LSS WC-2011-T-00004"]
[Site "LSS email"]
[Date "2010.06.10"]
[Round "?"]
[White "Szabo, Vilmos"]
[Black "Lindsalu, Indrek"]
[Result "1-0"]
[WhiteElo "2337"]
[BlackElo "2294"]
[PlyCount "79"]
[EventDate "2010.06.15"]
[EventType "tourn (corr)"]
[EventRounds "10"]
[EventCountry "GER"]
[SourceTitle "Telechess CBM 143"]
[Source "ChessBase"]
[SourceDate "2011.07.15"]
[SourceVersion "1"]
[SourceVersionDate "2011.07.15"]
[SourceQuality "1"]

1. d4 Nf6 2. c4 e6 3. Nf3 Bb4+ 4. Bd2 Qe7 5. g3 Nc6 6. Nc3 Bxc3 7. Bxc3 Ne4 8. Qc2 Nxc3 9. Qxc3 0-0 10. Bg2 d6 11. d5 Nb8 12. dxe6 fxe6 13. 0-0 e5 14. c5 Nc6 15. Nd2 Rb8 16. Rad1 dxc5 17. Bxc6 bxc6 18. Ne4 c4 19. Qxc4+ Be6 20. Qc2 Bxa2 21. Qxc6 Rb6 22. Qc3 Bf7 23. Rd2 Qb4 24. f3 Qxc3 25. Nxc3 Rfb8 26. Rd7 Rxb2 27. Rxc7 a5 28. Rd1 Be8 29. Rd5 a4 30. Rxe5 Rc2 31. Ra5 Rb3 32. Ra8 Kf8 33. Rcc8 Rcxc3 34. Rxe8+ Kf7 35. Re4 a3 36. Ra7+ Kf6 37. Rea4 g5 38. R4a6+ Ke5 39. Kf2 Kd5 40. Rxh7 1-0

[Event "CP-2007-S-00002"]
[Site "LSS email"]
[Date "2010.04.06"]
[Round "?"]
[White "Lindsalu, Indrek"]
[Black "Martinez, Jorge"]
[Result "1/2-1/2"]
[WhiteElo "2313"]
[BlackElo "2229"]
[PlyCount "54"]
[EventDate "2010.04.09"]
[EventType "tourn (corr)"]
[EventRounds "6"]
[EventCountry "GER"]
[SourceTitle "Telechess CBM 141"]
[Source "ChessBase"]
[SourceDate "2011.03.17"]
[SourceVersion "1"]
[SourceVersionDate "2011.03.17"]
[SourceQuality "1"]

1. d4 d5 2. c4 c6 3. Nf3 Nf6 4. Nc3 e6 5. e3 Nbd7 6. Qc2 Bd6 7. Be2 0-0 8. 0-0 dxc4 9. Bxc4 b5 10. Be2 Bb7 11. Rd1 Qc7 12. e4 e5 13. dxe5 Nxe5 14. Nd4 Bc5 15. Bf4 Bxd4 16. Rxd4 Nf3+ 17. Bxf3 Qxf4 18. Rad1 Rfe8 19. b4 Rac8 20. a4 a6 21. R1d3 Qe5 22. Qb3 Nd5 23. Rd1 Nxc3 24. Qxc3 c5 25. bxc5 Rxc5 26. Qb3 Bc6 27. axb5 Bxb5 1/2-1/2

[Event "LSS WC-2012-S-00009"]
[Site "LSS email"]
[Date "2009.07.13"]
[Round "?"]
[White "Almeida, Ramiro da Costa"]
[Black "Lindsalu, Indrek"]
[Result "1-0"]
[WhiteElo "2100"]
[BlackElo "2331"]
[PlyCount "105"]
[EventDate "2009.07.18"]
[EventType "tourn (corr)"]
[EventRounds "10"]
[EventCountry "GER"]
[SourceTitle "Telechess CBM 141"]
[Source "ChessBase"]
[SourceDate "2011.03.17"]
[SourceVersion "1"]
[SourceVersionDate "2011.03.17"]
[SourceQuality "1"]

1. e4 c5 2. Nf3 Nc6 3. d4 cxd4 4. Nxd4 Nf6 5. Nc3 e5 6. Ndb5 d6 7. Bg5 a6 8. Na3 b5 9. Nd5 Be7 10. Bxf6 Bxf6 11. c3 0-0 12. Nc2 Bg5 13. a4 bxa4 14. Rxa4 a5 15. Bc4 Rb8 16. b3 Kh8 17. Nce3 Ne7 18. Nxe7 Qxe7 19. Nd5 Qd8 20. 0-0 f5 21. exf5 Bxf5 22. Qe2 Bd7 23. Ra2 Be6 24. Rd1 Rc8 25. Qe1 Bf7 26. Qe4 Bg6 27. Qe2 Bf7 28. Qg4 Rc5 29. h3 Bg6 30. b4 Bf5 31. Qe2 axb4 32. cxb4 Rc8 33. b5 Bh4 34. b6 Qg5 35. Qe3 Qh5 36. Rf1 Qg6 37. b7 Rb8 38. Ra7 Be4 39. f3 Bf5 40. Kh1 Qf7 41. Qb3 Qd7 42. Qb5 Bxh3 43. Qxd7 Bxd7 44. Nb6 Bc6 45. Bd5 Bd8 46. Bxc6 Bxb6 47. Ra8 g5 48. Bd5 Kg7 49. Rc1 Bc5 50. Rca1 Bb6 51. g4 h6 52. R1a6 Bc7 53. R8a7 1-0

[Event "LSS WC-2012-S-00009"]
[Site "LSS email"]
[Date "2009.07.13"]
[Round "?"]
[White "Schindler, Sven"]
[Black "Lindsalu, Indrek"]
[Result "1/2-1/2"]
[WhiteElo "2311"]
[BlackElo "2313"]
[PlyCount "83"]
[EventDate "2009.07.18"]
[EventType "tourn (corr)"]
[EventRounds "10"]
[EventCountry "GER"]
[SourceTitle "Telechess CBM 141"]
[Source "ChessBase"]
[SourceDate "2011.03.17"]
[SourceVersion "1"]
[SourceVersionDate "2011.03.17"]
[SourceQuality "1"]

1. d4 Nf6 2. c4 e6 3. Nc3 Bb4 4. Qc2 0-0 5. a3 Bxc3+ 6. Qxc3 b6 7. Bg5 Bb7 8. Nf3 d6 9. Nd2 Nbd7 10. f3 h6 11. Bh4 c5 12. e4 Re8 13. Bd3 cxd4 14. Qxd4 e5 15. Qf2 Qc7 16. 0-0 Nh5 17. Rfd1 Nc5 18. Nf1 Nf4 19. Bc2 Nce6 20. Ne3 Nd4 21. Rd2 Nfe6 22. Rad1 Bc6 23. b3 b5 24. cxb5 Bxb5 25. Kh1 a5 26. Nf5 Rac8 27. Bd3 Rb8 28. Qg3 Bxd3 29. Rxd3 Nxf5 30. exf5 Nf4 31. f6 g6 32. Rxd6 Qc2 33. Qf2 Qxb3 34. Rd7 a4 35. h3 g5 36. Bg3 Qxa3 37. h4 Qb2 38. Qxb2 Rxb2 39. Re7 Kf8 40. hxg5 hxg5 41. Bxf4 gxf4 42. Ra7 1/2-1/2

[Event "LSS BI-2009-P-00022"]
[Site "LSS email"]
[Date "2009.04.19"]
[Round "?"]
[White "Jones, Ian Robert"]
[Black "Lindsalu, Indrek"]
[Result "0-1"]
[WhiteElo "2057"]
[BlackElo "2298"]
[PlyCount "42"]
[EventDate "2009.04.20"]
[EventType "tourn (corr)"]
[EventRounds "10"]
[EventCountry "GER"]
[SourceTitle "Corr 2011"]
[Source "ChessBase"]
[SourceDate "2010.08.31"]
[SourceVersion "1"]
[SourceVersionDate "2010.08.31"]
[SourceQuality "1"]

1. e4 c5 2. Nf3 Nc6 3. b4 cxb4 4. d4 d5 5. exd5 Qxd5 6. c4 bxc3 7. Nxc3 Qa5 8. Bd2 e6 9. Nb5 Qd8 10. Bf4 Bb4+ 11. Nd2 Kf8 12. a3 Ba5 13. Rc1 Nf6 14. h3 Nd5 15. Bd6+ Kg8 16. Bg3 h5 17. Bd3 h4 18. Bh2 Qg5 19. Bf1 e5 20. dxe5 Nxe5 21. Bxe5 Bd7 0-1

[Event "LSS BI-2009-P-00022"]
[Site "LSS email"]
[Date "2009.04.19"]
[Round "?"]
[White "Lindsalu, Indrek"]
[Black "Bester, Kazimierz"]
[Result "1-0"]
[WhiteElo "2249"]
[BlackElo "900"]
[PlyCount "49"]
[EventDate "2009.04.20"]
[EventType "tourn (corr)"]
[EventRounds "10"]
[EventCountry "GER"]
[SourceTitle "Corr 2011"]
[Source "ChessBase"]
[SourceDate "2010.08.31"]
[SourceVersion "1"]
[SourceVersionDate "2010.08.31"]
[SourceQuality "1"]

1. d4 c6 2. e4 Nf6 3. e5 Nd5 4. Nf3 e6 5. c4 Nb6 6. Nc3 Be7 7. Bd3 a6 8. Qc2 g6 9. Bh6 d6 10. exd6 Bxd6 11. c5 Nd5 12. cxd6 Qxd6 13. Nxd5 Qxd5 14. 0-0 Nd7 15. Rfe1 Qh5 16. Bg5 f6 17. Rxe6+ Kd8 18. d5 fxg5 19. dxc6 Nf8 20. cxb7 Bxb7 21. Qc5 h6 22. Qe7+ Kc8 23. Rc1+ Kb8 24. Qc7+ Ka7 25. Rxa6# 1-0

[Event "LSS CP-2007-Q-00006"]
[Site "LSS email"]
[Date "2009.01.15"]
[Round "?"]
[White "Lindsalu, Indrek"]
[Black "Nucci, Luciano"]
[Result "1-0"]
[WhiteElo "2249"]
[BlackElo "2030"]
[PlyCount "105"]
[EventDate "2009.01.15"]
[EventType "tourn (corr)"]
[EventRounds "6"]
[EventCountry "GER"]
[SourceTitle "Corr 2011"]
[Source "ChessBase"]
[SourceDate "2010.08.31"]
[SourceVersion "1"]
[SourceVersionDate "2010.08.31"]
[SourceQuality "1"]

1. d4 f5 2. g3 g6 3. Bg2 Bg7 4. Nf3 Nf6 5. 0-0 0-0 6. c4 d6 7. Nc3 Qe8 8. d5 a5 9. Be3 Na6 10. Rc1 Ng4 11. Bf4 Nf6 12. Qd2 Nc5 13. Nd4 e5 14. dxe6 Bxe6 15. Nxe6 Qxe6 16. Nd5 Qd7 17. Nxf6+ Bxf6 18. Be3 Ne4 19. Qd5+ Qf7 20. Bxe4 fxe4 21. Qxe4 b6 22. b3 Rae8 23. Qc6 Re6 24. Rcd1 Qe7 25. Bh6 Re8 26. e3 g5 27. f4 Kh8 28. Qd5 g4 29. f5 Re5 30. Qb7 Re4 31. Kg2 Qd7 32. Rf2 R4e7 33. Re1 Re4 34. Rf4 R4e5 35. e4 Qf7 36. Rf2 R5e7 37. Rfe2 Bc3 38. Bd2 Qf6 39. Bxc3 Qxc3 40. Qd5 a4 41. Re3 Qe5 42. Qd3 axb3 43. axb3 Ra8 44. Qe2 Qg7 45. Rf1 Qh6 46. Qb2+ Kg8 47. Rf4 Qg5 48. e5 dxe5 49. Rxe5 Qf6 50. Rxg4+ Kf8 51. Re2 Qxb2 52. Rxb2 Rae8 53. f6 1-0